| 000 | 00427nam a2200157 a 4500 | ||
|---|---|---|---|
| 001 | 1261 | ||
| 003 | CDMR | ||
| 005 | 20130308092016.0 | ||
| 008 | 130130s1983||||||||||||||||||||||||||||d | ||
| 020 | _a9501800199 | ||
| 040 |
_aCDMR _bcat _cCDMR |
||
| 100 | 1 |
_aSwain, Bruce McArthur _9981 |
|
| 245 | 1 | 0 |
_aÉtica periodística _cBruce M. Swain ; traductor: Leandro Wolfson |
| 260 |
_aBuenos Aires _c1983 _bTres Tiempos |
||
| 942 |
_cMON _2udc |
||
| 999 |
_c1261 _d1261 |
||